Personnages de Harry Potter par images - Statistiques

Statistiques générales
  • Ce quiz a été pris 86 735 fois
  • Le résultat moyen est 18 sur 20
Statistiques - réponses
Par images Réponse % Correct
Harry Potter
100%
Hermione Granger
99%
Ron Weasley
99%
Voldemort
98%
Albus Dumbledore
97%
Drago Malefoy
96%
Rubeus Hagrid
96%
Severus Rogue
95%
Dobby
90%
Ginny Weasley
89%
Sirius Black
87%
Luna Lovegood
86%
Minerva McGonagall
84%
Neville Londubat
84%
Bellatrix Lestrange
83%
Cedric Diggory
81%
Remus Lupin
80%
Peter Pettigrow
76%
Dolores Ombrage
75%
Alastor Maugrey
70%
Aucun quiz correspondant
Distribution des résultats
% des personnes avec chaque résultat
Percentile par nombre de réponses
Votre historique - résultats
Vous n’avez pas pris ce quiz